000 00823nam a22001937a 4500
999 _c60217
_d60217
003 Ge_BSU
005 20230620095708.0
008 230620s2001 ge ||||| |||| 00| 0 geo d
020 _a9992891157
041 _ageo
080 _a94(3) ძ-49
245 _a ძველი ისტორია :
_b[კრებული]. [კრ.] 1 /
_cრედ. გ. ქავთარია ; თსუ-ს ძვ. მსოფლიოს ისტ. კათედრა.
264 _aთბილისი :
_bთსუ;
_c2001.
300 _a111 გვ.;
_b19 სმ.
653 _aძველი ისტორია
700 _aქავთარია, გ.
_eრედაქტორი
_917549
710 _aთსუ-ს
_bძვ. მსოფლიოს ისტ. კათედრა
_918819
942 _2udc
_cBK